000 00741nam a2200253Ia 4500
003 OSt
005 20220928102117.0
006 a|||||r|||| 00| 0
007 ta
008 220927b |||||||| |||| 00| 0 hin d
020 _c190
024 _a115233
037 _b2884, 27/02/2012, Kitabghar Parkashan
_cTextual
040 _aSDCL
_cSDCL
_bhin
041 _2hin
_ahin
082 _aO152,1N482x, Q2
100 _aDangwal Viren
_9392842
245 0 _aKavi ne kaha
_b Viren Dangwal.
260 _aNew Delhi
_bKitabghar Prakashan
_c2012
300 _a143p
_ccm.
650 _aHindi
_9391598
942 _hO152,1N482x, Q2
_cTEXL
_2CC
999 _c712404
_d712404